000
00267nam a2200109Ia 4500
008
230907s9999||||xx |||||||||||||| ||und||
082
_a
621.3822
_b
PRO
245
0
_a
Digital signal processing :
260
_a
Pearson,
_b
Noida :
_c
2019
300
_a
1136 p.
942
_c
BK
999
_c
600509
_d
600509